00873nam a22002657a 45000010005000000030009000050050017000140070005000310080048000360200015000840400022000991000017001212450119001382600041002573000027002984900017003257000033003427000030003758300017004059420012004229450027004349520110004619560021005719990015005920074DO-SdBNP20180131114251.00074151019b sp 1981 xxu||||| |||| 00| 0 spa d a8427230265 aBPMSUbspacBPMSU10aBlyton, Enid14aLas mellizas en Santa Clara /cEnid Blyton ; traducción C. Peraire del Molino ; ilustración José María Bea aBarcelona, España :bMolino,c1981 a172 p. :bil.,c20 cm.10aAventurav2610aMolino, C. Peraire del,etr.10aBea, José María,eil.00aAventuran26 2ddccBK aInventariado, 2018/MFF 00102ddc40708CJ-GaBPMETbBPMETd2015-10-19eDonaciónl0pBPMSU15100122r2015-10-19w2015-10-19yBK aBrenda Tavárez c8394d8394